Flora silvestre de Chile: Zona Central. Una guía para la identificación de las especies vegetales más frecuentes

Furkejuvvon:
Bibliográfalaš dieđut
Váldodahkki: Hoffmann J., Adriana E (Dahkki)
Materiálatiipa: Girji
Giella:espánnjágiella
Almmustuhtton: Santiago Fundación Claudio Gay 1995
Preanttus:Tercera edición
Fáttát:
Fáddágilkorat: Lasit fáddágilkoriid
Eai fáddágilkorat, Lasit vuosttaš fáddágilkora!

MARC

LEADER 00000nam a2200000 a 4500
001 UCZ3667
003 CL-VaPUC
005 20200930190542.0
008 951027e19950000CL |||||||||||||||||spa|d
999 |c 240117  |d 240115 
040 |c Pontificia Universidad Católica de Valparaíso 
082 0 4 |a 582.13 HOF 1995  |2 21 
100 |a Hoffmann J., Adriana E  |e author  |9 598071 
245 1 0 |a Flora silvestre de Chile: Zona Central. Una guía para la identificación de las especies vegetales más frecuentes 
250 |a Tercera edición 
260 |a Santiago  |b Fundación Claudio Gay  |c 1995 
300 |a 255 páginas 
583 |a last modification  |c 20171031 11:00:08  |k Rodrigo Vera 
650 7 |a FLORA  |2 CL-VaPUC  |9 264745 
650 7 |a PLANTAS SILVESTRES  |2 CL-VaPUC  |9 347474 
650 7 |a ESPECIES  |2 CL-VaPUC  |9 331928 
651 7 |a ZONA CENTRAL  |2 CL-VaPUC  |9 267339  |z CHILE 
942 |c BK  |2 ddc 
945 |d 19951027 00:00:00  |a rleighto 
952 |0 0  |1 0  |2 ddc  |4 0  |6 582_130000000000000_HOF_1995  |7 0  |8 A  |9 251738  |a BIBCUR  |b BIBCUR  |d 2019-11-18  |i 3144828  |o 582.13 HOF 1995  |p 3144828  |r 2025-04-22  |t 1  |w 2019-11-18  |y BK  |k BIO 
952 |0 0  |1 0  |2 ddc  |4 0  |6 582_130000000000000_HOF_1995  |7 0  |8 A  |9 251739  |a BIBCUR  |b BIBCUR  |d 2019-11-18  |i 3090442  |o 582.13 HOF 1995  |p 3090442  |r 2025-04-22  |t 2  |w 2019-11-18  |y BK  |k BIO 
952 |0 0  |1 0  |2 ddc  |4 0  |6 582_130000000000000_HOF_1995  |7 0  |8 A  |9 251740  |a BIBEDU  |b BIBEDU  |d 2019-11-18  |i 3164241  |o 582.13 HOF 1995  |p 3164241  |r 2019-11-18  |t 9  |w 2019-11-18  |y BK  |k EDU 
952 |0 0  |1 0  |2 ddc  |4 0  |6 582_130000000000000_HOF_1995  |7 0  |8 A  |9 251741  |a BIBCUR  |b BIBCUR  |d 2019-11-18  |i 3249417  |o 582.13 HOF 1995  |p 3249417  |r 2025-04-22  |t 3  |w 2019-11-18  |y BK  |k BIO 
952 |0 0  |1 0  |2 ddc  |4 0  |6 582_130000000000000_HOF_1995  |7 0  |8 A  |9 251742  |a BIBCUR  |b BIBCUR  |d 2019-11-18  |i 3391329  |o 582.13 HOF 1995  |p 3391329  |r 2025-04-22  |t 4  |w 2019-11-18  |y BK  |k BIO 
952 |0 0  |1 0  |2 ddc  |4 0  |6 582_130000000000000_HOF_1995  |7 0  |8 A  |9 251743  |a BIBCUR  |b BIBCUR  |d 2019-11-18  |i 3391337  |o 582.13 HOF 1995  |p 3391337  |r 2025-04-22  |t 5  |w 2019-11-18  |y BK  |k BIO 
952 |0 0  |1 0  |2 ddc  |4 0  |6 582_130000000000000_HOF_1995  |7 0  |8 A  |9 251744  |a BIBCUR  |b BIBCUR  |d 2019-11-18  |i 3391345  |o 582.13 HOF 1995  |p 3391345  |r 2025-04-22  |t 6  |w 2019-11-18  |y BK  |k BIO 
952 |0 0  |1 0  |2 ddc  |4 0  |6 582_130000000000000_HOF_1995  |7 0  |8 A  |9 251745  |a BIBCUR  |b BIBCUR  |d 2019-11-18  |i 3391353  |o 582.13 HOF 1995  |p 3391353  |r 2025-04-22  |t 7  |w 2019-11-18  |y BK  |k BIO 
952 |0 0  |1 0  |2 ddc  |4 0  |6 582_130000000000000_HOF_1995  |7 0  |8 A  |9 251746  |a BIBCUR  |b BIBCUR  |d 2019-11-18  |i 3391361  |o 582.13 HOF 1995  |p 3391361  |r 2025-04-22  |t 8  |w 2019-11-18  |y BK  |k BIO